000 01161nab a2200181 a 4500
005 20241018120131.0
007 ta
008 241018e2022 dr |||||r||||||0| | spa d
040 _aDO-SdBNP
_cBNPHU
_erda
041 _hspa
100 _aAndújar, Carlos
_984586
245 _aEl patrimonio cultural dominicano :
_bun acercamiento ampliado /
_cCarlos Andújar.
260 _aSanto Domingo, República Dominicana :
_bCentro Cultural BanReservas,
_c2022.
300 _apágina 11.
362 _aEdición 1. Enero 2022.
520 _aEl patrimonio cultural un país lo constituye el conjunto de manifestaciones culturales, tangibles e intangibles, que expresan de distintas formas su identidad, su historia, sus vivencias y sus representaciones. Desde importantes monumentos que sintetizan las formas de apropiación del espacio usadas por cada cultura (ciudades, pueblos o cualquier otra forma de asentamiento), pasando por su artesanía, sus ajuares, vestidos, instrumentos musicales, objetos de labranzas y trabajo, tecnología, hasta sus creencias, música, danza, tradición oral, lengua, entre otros tantos modos de representatividad.
942 _2ddc
_cISSUE
999 _c57909
_d57909